Kismartoni uradalmi faárszabás 1632-ből
Elmentve itt :
| Szerző: | |
|---|---|
| Dokumentumtípus: | Cikk |
| Megjelent: |
1905
|
| Sorozat: | Magyar gazdaságtörténelmi szemle
12 |
| Kulcsszavak: | Gazdaságtörténet |
| Online Access: | http://misc.bibl.u-szeged.hu/858 |
| LEADER | 00571nab a2200169 i 4500 | ||
|---|---|---|---|
| 001 | misc858 | ||
| 005 | 20191106143958.0 | ||
| 008 | 170607s1905 hu o 0|| hun d | ||
| 040 | |a SZTE Miscellanea Repozitórium |b hun | ||
| 041 | |a hun | ||
| 100 | 1 | |a Merényi Lajos | |
| 245 | 1 | 0 | |a Kismartoni uradalmi faárszabás 1632-ből |h [elektronikus dokumentum] / |c Merényi Lajos |
| 260 | |c 1905 | ||
| 300 | |a 280 | ||
| 490 | 0 | |a Magyar gazdaságtörténelmi szemle |v 12 | |
| 695 | |a Gazdaságtörténet | ||
| 856 | 4 | 0 | |u http://misc.bibl.u-szeged.hu/858/1/gazd_tort_szeml_1905_280.pdf |z Dokumentum-elérés |